| 000 | 00690nam a2200217Ia 4500 | ||
|---|---|---|---|
| 003 | GCL | ||
| 005 | 20240530102227.0 | ||
| 008 | 140319s9999 xx 000 0 ara d | ||
| 040 |
_aGCL / _cGCL |
||
| 082 | 0 | 4 |
_a347.01 _bع ح |
| 100 | 1 | _aعلى عبدالعال العيساوى | |
| 245 | 1 | 0 |
_aحتى لانقول : وداعا قاضى الحريات / _cعلى عبدالعال العيساوى |
| 260 |
_a[S.N] : _bدار الصفوة للنشر والتوزيع ، _c1993 |
||
| 300 | _a381 ص | ||
| 650 | 0 | 4 | _aالقانون |
| 650 | 0 | 4 | _aمصر |
| 650 | 0 | 4 | _aالقانون المدنى |
| 650 | 0 | 4 | _aقوانين وتشريعات |
| 650 | 0 | 4 | _aالقضاة |
| 942 |
_2ddc _cBK |
||
| 999 |
_c30718 _d30718 |
||